|
|
|
|
| LEADER |
01017nam a2200277 a 4500 |
| 001 |
7808 |
| 003 |
BD-DhAAL |
| 005 |
20150910020003.0 |
| 008 |
141206s2000 bg bl 000 0 eng |
| 010 |
|
|
|a 00440249
|
| 020 |
|
|
|a 984051556X
|
| 040 |
|
|
|a DLC
|c DLC
|d DLC
|d BD-DhAAL
|
| 050 |
0 |
0 |
|a KNG956
|b .Z34 2000
|
| 082 |
0 |
0 |
|a 346.5492/066
|2 21
|
| 100 |
1 |
|
|a Zahir, M.
|9 6611
|
| 245 |
1 |
0 |
|a Company and securities laws /
|c M. Zahir.
|
| 260 |
|
|
|a Dhaka :
|b The University Press,
|c 2000.
|
| 300 |
|
|
|a lviii, 910 p. ;
|c 25 cm.
|
| 504 |
|
|
|a Includes bibliographical references (p. [909]-910).
|
| 520 |
|
|
|a Compendium of company and securities laws, rules, regulations, notifications, and forms.
|
| 541 |
|
|
|e 7808
|
| 650 |
|
0 |
|a Corporation law
|z Bangladesh.
|9 6612
|
| 650 |
|
0 |
|a Securities
|z Bangladesh.
|9 6613
|
| 942 |
|
|
|2 ddc
|c BK
|0 1
|
| 999 |
|
|
|c 33236
|d 33236
|
| 952 |
|
|
|0 0
|1 0
|2 ddc
|4 0
|6 346_549206600000000_ZAH
|7 0
|9 44366
|a BRACUL
|b BRACUL
|c GEN
|d 2014-12-06
|l 13
|m 179
|o 346.5492066 ZAH
|p 3010007808
|r 2026-01-12
|s 2025-09-23
|t 1
|w 2014-12-06
|y BK
|